LEADER 01208nam a2200241 i 4500 001 000000229485 003 CaOOAMICUS 005 20140512000000.0 008 140512s1969 it u000 u fre u 013 $a208387 040 $aSeMil$bita 100 1 $aCardascia, Guillaume.$0(OLS)http://semarc/name/79242 245 14$aLes lois assyriennes /$cintroduction, traduction, commentaire de Guillaume Cardascia. 260 $aParis :$bLes Éditions du Cerf,$ccopyr. 1969. 300 $a358 p. ;$c20 cm. 490 0 $aLittératures anciennes du Proche-Orient : collection publiée sous le patronage de l'École biblique et archéologique française de Jérusalem 500 $aContiene : Bibliographie. - In mezzo al front : Ouvrage publié avec le concours du Centre National de la Recherche Scientifique. 650 4$aAssiri.$0(OLS)http://semarc/subject/7770 830 0$aLittératures anciennes du Proche-Orient.$0(OLS)http://semarc/title/40601 850 $aSeMil 852 $aSeMil$W1$xVenegono$y1$m2Z I 153$j179831$B179831$CSeMilBibl$Z2$F190934 $81 996 $6245$aLes lois assyriennes$9(OLS)http://semarc/title/328222 996 $6260$aParis :$bLes Éditions du Cerf$9(OLS)http://semarc/publisher/29611 LEADER 01415nam a2200277 i 4500 001 000000110866 003 CaOOAMICUS 005 20021218000000.0 008 021218s2001 it u000 u ita u 013 $a83547 020 $a88-343-0694-5 040 $aSeMil$bita 245 10$aDalla qualità della formazione alla qualità dei servizi :$bmotivi, idee, progetti per la formazione. 260 $aMilano :$bVita e Pensiero,$c2001. 300 $a88 p. ;$c21 cm. 490 0 $aQuaderni del Centro di Formazione Luigi Moneta ;$v4 500 $aIn testa al front. : Centro di formazione permanente monsignor Luigi Moneta. 650 4$aOperatori sociali - Formazione.$0(OLS)http://semarc/subject/15739 700 1 $aCentro di formazione permanente monsignor Luigi Moneta : Comitato tecnico-scientifico.$0(OLS)http://semarc/name/37963 830 0$aQuaderni del Centro di Formazione Luigi Moneta ;$v4.$0(OLS)http://semarc/title/10887 850 $aSeMil 852 $aSeMil$W1$xVenegono$y1$m2E II 369$j66724$B66724$CSeMilBibl$Z2$F73466 $81 961 $aOmaggio: Centro di formazione permanente mons. Luigi Moneta 996 $6020$a88-343-0694-5$9(OLS)http://semarc/number/92827 996 $6245$aDalla qualità della formazione alla qualità dei servizi :$bmotivi, idee, progetti per la formazione$9(OLS)http://semarc/title/161221 996 $6260$aMilano :$bVita e Pensiero$9(OLS)http://semarc/publisher/29642